01505nam a2200277 a 45000010008000000030004000080050017000120080041000290100017000700200022000870400025001090500022001340820016001561000028001722450052002002600046002523000021002985040053003195050587003726500026009596500045009859060045010309420012010759990017010879520123011043555449OSt20230914092452.0971112s1997 nyu b 000 0 eng  a 97214426  a0321003861 (pbk.) aWIUC - GHcWIUC - GH00aPN4121b.G39 199700a808.5/12211 aGerman, Kathleen.9241210aTeaching public speaking /cby Kathleen German. a[New York] :bLongman Publishers,cc1997. a105 p. ;c23 cm. aIncludes bibliographical references (p. 86-105). aContents: Planning your course -- Developing a schedule -- Developing speaking assignments -- Helping students find speaking topics -- Handling students' communication anxiety -- Establishing rapport and motivating students -- Facilitating learning in the classroom -- Critical thinking skills -- Incorporating diversity in the classroom -- Planning lectures -- Using classroom exercises --Facilitating discussion -- Assessing student performance -- Improving your teaching -- Videotape assessment of teaching -- A final checklist -- A selected bibliography -- Audiovisual resources 0aPublic speaking.9715 0aCommunicationxStudy and teaching.92413 a7bcbccorignewd3encipf19gy-gencatlg 2lcccBK c10053d17553 00102lcc4070aWIUC-KLbWIUC-KLcGENd2023-03-08l0oPN4121.G39pK/2937/0035/23r2023-09-14 00:00:00w2023-09-14yBK